<?xml version="1.0" encoding="UTF-8"?>
<marc:record xmlns:marc="http://www.loc.gov/MARC21/slim">
   <marc:leader>00000nam a2200000 a 4500</marc:leader>
   <marc:datafield ind1="1" ind2=" " tag="100">
      <marc:subfield code="a">Brandt, Susanne</marc:subfield>
      <marc:subfield code="4">aut</marc:subfield>
      <marc:subfield code="e">Verfasser/-in</marc:subfield>
   </marc:datafield>
   <marc:datafield ind1="1" ind2=" " tag="100">
      <marc:subfield code="a">Lefin, Petra</marc:subfield>
      <marc:subfield code="4">ill</marc:subfield>
      <marc:subfield code="e">Illustrator/-in</marc:subfield>
   </marc:datafield>
   <marc:datafield ind1=" " ind2=" " tag="653">
      <marc:subfield code="a">Kinderlied</marc:subfield>
   </marc:datafield>
   <marc:datafield ind1=" " ind2=" " tag="653">
      <marc:subfield code="a">Kindertagesstätte</marc:subfield>
   </marc:datafield>
   <marc:datafield ind1=" " ind2=" " tag="653">
      <marc:subfield code="a">Sachbilderbücher/Kunst</marc:subfield>
   </marc:datafield>
   <marc:datafield ind1=" " ind2=" " tag="653">
      <marc:subfield code="a">Musik</marc:subfield>
   </marc:datafield>
   <marc:datafield ind1="0" ind2="0" tag="245">
      <marc:subfield code="a">Neue Lieblingslieder nach bekannten Melodien</marc:subfield>
   </marc:datafield>
   <marc:datafield ind1="0" ind2="0" tag="245">
      <marc:subfield code="b">mit Spiel- und Gestaltungsideen für den Kindergarten</marc:subfield>
   </marc:datafield>
   <marc:datafield ind1="0" ind2="0" tag="245">
      <marc:subfield code="c">Susanne Brandt. Mit Ill. von Petra Lefin</marc:subfield>
   </marc:datafield>
   <marc:datafield ind1=" " ind2="1" tag="264">
      <marc:subfield code="a">München</marc:subfield>
      <marc:subfield code="b">Don Bosco</marc:subfield>
      <marc:subfield code="c">2007</marc:subfield>
   </marc:datafield>
   <marc:datafield ind1=" " ind2=" " tag="250">
      <marc:subfield code="a">1. Aufl.</marc:subfield>
   </marc:datafield>
   <marc:datafield ind1="1" ind2=" " tag="520">
      <marc:subfield code="a">Angaben aus der Verlagsmeldung

Neue Lieblingslieder nach bekannten Melodien : Mit Spiel- und Gestaltungsideen für den Kindergarten / von Susanne Brandt

Viele neue Kinderlieder stecken voller Einfälle und kreativer Anregungen. Aber es fällt oft schwer, sich die unbekannten Melodien anzueignen. Eine ganze Menge altbekannter Melodien von traditionellen Volks- und Kinderliedern dagegen haben wir im Ohr und könnten sie ohne Mühe mit den Kindern singen. Doch die dazugehörigen Texte bieten nicht immer das, was für die pädagogische Praxis wünschenswert ist. Die „Lieblingslieder“ dieser Sammlung werden beiden Ansprüchen gerecht: Mit neuen Texten auf altbekannte Melodien vermitteln sie einerseits eine große Vertrautheit und Sicherheit beim Singen und eröffnen andererseits vielfältige Möglichkeiten der fantasievollen Entfaltung und der Anknüpfung an aktuelle Themen und Bedürfnisse im Leben mit Kindern heute. Zu allen Liedern gibt es außerdem zahlreiche ganzheitliche Spiel- und Mitmachideen.
</marc:subfield>
   </marc:datafield>
   <marc:datafield ind1=" " ind2=" " tag="020">
      <marc:subfield code="a">9783769816099</marc:subfield>
      <marc:subfield code="9">9783769816099</marc:subfield>
   </marc:datafield>
   <marc:datafield ind1=" " ind2=" " tag="020">
      <marc:subfield code="a">3769816099</marc:subfield>
      <marc:subfield code="9">3769816099</marc:subfield>
   </marc:datafield>
   <marc:datafield ind1=" " ind2=" " tag="041">
      <marc:subfield code="a">ger</marc:subfield>
   </marc:datafield>
   <marc:datafield ind1=" " ind2=" " tag="300">
      <marc:subfield code="a">103 S.</marc:subfield>
   </marc:datafield>
</marc:record>
